| 000 | 00446nam a22001697a 4500 | ||
|---|---|---|---|
| 005 | 20260323154151.0 | ||
| 008 | 260323b |||||||| |||| 00| 0 eng d | ||
| 020 | _a978-9388028-33-2 | ||
| 100 | _aRAJARAMAN, V. | ||
| 245 | _aGOMPUTER PROGRAMMING IN C. | ||
| 250 | _a2ND ED | ||
| 260 |
_aDELHI _bPHI LEARNING PRIVATE _c2024 |
||
| 300 | _aXII, 375P. | ||
| 500 | _aINCLUDES INDEX | ||
| 650 | _aC (COMPUTER PROGRAM LANGUAGE) | ||
| 942 |
_2lcc _cBK |
||
| 999 |
_c216863 _d216863 |
||